000 00428cam a22001217a 4500
008 180718b1984 xxu||||| |||| 00| 0 eng d
082 _aY1503x5444 K147 / 1966r
245 _aDepartment of law and parliamentary affairs
_cBy Govt. of Karnataka
260 _aBangalore
_bGovt. of Karnataka
_c1984
300 _a95p.
650 _aJudicial statistics -- India -- Karnataka
650 _aJustice, Administration of -- India -- Karnataka
999 _c413009
_d413009